000 00317nam a2200133 i 4500
001 bg
100 1 _aREZNIKOW, N.
245 0 _aUniwersalnyje zreliščnosportivnyje zały /
_cN. Reznikow.
260 _aMoskwa,
_c1969.
040 _cBPK
041 _apol
942 _cKS
008 s pl f |000 0 pol
999 _c12452
_d12452
856 _uhttp://koha.tu.koszalin.pl/cgi-bin/koha/opac-detail.pl?biblionumber=12452
_yKatalog online BPK